[Event "COL-ch U20 Girls"]
[Site "Cali"]
[Date "2023.06.23"]
[Round "3"]
[White "Lozano Pulgarin, Maria Antonia"]
[Black "Betancur Florez, Daniela"]
[Result "0-1"]
[WhiteElo "1292"]
[BlackElo "1444"]
[PlyCount "48"]
[EventDate "2023.06.22"]
[EventType "swiss"]
[EventRounds "7"]
[EventCountry "COL"]
[SourceTitle "CBM 214 Extra"]
[Source "ChessBase"]
[SourceDate "2023.07.31"]
[SourceVersion "1"]
[SourceVersionDate "2023.07.31"]
[SourceQuality "1"]

1. e4 c5 2. Nf3 g6 3. d4 b6 4. Bc4 Nc6 5. Be3 d6 6. Nc3 Bg7 7. Qd2 h5 8. 0-0-0 cxd4 9. Nxd4 Bd7 10. Bd5 Rc8 11. Rhe1 Nf6 12. h3 Nxd5 13. exd5 Ne5 14. f4 Nc4 15. Qd3 b5 16. b3 Nxe3 17. Rxe3 Qc7 18. Qe4 0-0 19. Rdd3 b4 20. Nce2 Bf5 21. Qf3 Bxd3 22. Rxd3 Qa5 23. g4 hxg4 24. hxg4 Qa3+ 0-1